| 000 | 01401nam a22003611i 4500 | ||
|---|---|---|---|
| 001 | ebr10790269 | ||
| 003 | CaPaEBR | ||
| 006 | m o d | ||
| 007 | cr cn||||||||| | ||
| 008 | 131122s2013 enk o 001 0 eng d | ||
| 020 | _a9781849685092 (e-book) | ||
| 020 | _z9781849685085 | ||
| 040 |
_aCaPaEBR _beng _erda _epn _cCaPaEBR |
||
| 035 | _a(OCoLC)862365520 | ||
| 050 | 1 | 4 |
_aQA76.9.C55 _bR52 2013eb |
| 100 | 1 | _aRibunal, Marlon. | |
| 245 | 1 | 0 |
_aSQL Server 2012 reporting services blueprints / _cMarlon Ribunal, Mickey Stuewe. |
| 264 | 1 |
_aBirmingham : _bPackt Publishing, _c2013. |
|
| 300 |
_a1 online resource (246 pages) : _billustrations |
||
| 336 |
_atext _2rdacontent |
||
| 337 |
_acomputer _2rdamedia |
||
| 338 |
_aonline resource _2rdacarrier |
||
| 500 | _aIncludes index. | ||
| 588 | _aDescription based on online resource; title from PDF title page (ebrary, viewed November 22, 2013). | ||
| 590 | _aElectronic reproduction. Palo Alto, Calif. : ebrary, 2013. Available via World Wide Web. Access may be limited to ebrary affiliated libraries. | ||
| 630 | 0 | 0 | _aSQL server. |
| 650 | 0 | _aClient/server computing. | |
| 650 | 0 | _aRelational databases. | |
| 655 | 0 | _aElectronic books. | |
| 700 | 1 | _aStuewe, Mickey. | |
| 797 | 2 | _aebrary. | |
| 856 | 4 | 0 |
_uhttp://site.ebrary.com/lib/rucke/Doc?id=10790269 _zAn electronic book accessible through the World Wide Web; click to view |
| 999 |
_c137436 _d137436 |
||